000 00935nam a2200313 a 4500
001 22472
003 SK-KTurca
005 20260330134945.0
008 250414s1981 xo 0 slo
015 _aSNBA1981/12
035 _aSNK000046665
040 _aSNK
_bslo
_cSNK
_eAACR2
041 0 _aslo
044 _axo
_cSK
080 _a885.4-3
_21981
100 1 _aHandzová, Viera,
_d1931-1997
_4aut
245 1 0 _aKamaráti do zlého počasia
_cViera Handzová ; Ján Zelenák, Jozef Gális
250 _a2. vyd.
260 _aBratislava
_bSmena
_c1981
_eBratislava
_fPolygrafické závody
300 _a181 s., 10,56 AH
_c20 cm
366 _e9000 výtl.
490 0 _aEva
_vZv. 56.
500 _aIlustr. na front. a na tit. liste.
700 1 _aZelenák, Ján
_4bkd
700 1 _aGális, Jozef,
_d1939-
_4bkd
942 _2ddc
_cKLDO
_n0
999 _c22472
_d22472